000 00785nam a2200289Ia 4500
005 20251020182441.0
008 200515s9999 xx 000 0 und d
020 _a970-15-1181-6
082 _a528.767/M79
100 _aCañada Torrecillas, Rosa
100 _aCervera Cruañes, Begoña
100 _aFernández García, Felipe [et al.]
245 0 _aSistemas y análisis de la información geográfica : Manual de autoaprendizaje con ArcGIS
250 _a1a ed.
260 _aMéxico, D.F.
260 _bAlfaomega ; Ra-Ma
260 _c2006
300 _a895 p.
300 _bil., tbl., graf.
500 _a2 ejemplares
650 _aARCGIS
650 _aSIG
650 _aSISTEMAS DE INFORMACION GEOGRAFICA
942 _cLIB
999 _c543
_d543